[Event "17th Delhi GM Open 2019"]
[Site "Delhi"]
[Date "2019.01.14"]
[Round "8"]
[White "Kathmale, Sameer"]
[Black "Karthikeyan, P.."]
[Result "1/2-1/2"]
[WhiteElo "2312"]
[BlackElo "2457"]
[Annotator "TA"]
[PlyCount "63"]
[EventDate "2019.01.09"]
[EventType "swiss"]
[EventCountry "IND"]
[SourceTitle "playchess.com"]
[Source "ChessBase"]
[SourceQuality "1"]

{[%evp 18,63,32,24,75,83,85,70,86,79,77,-27,-21,-29,-33,-16,0,-20,0,0,13,7,7,0,24,10,15,0,25,-20,131,123,100,-94,-98,-220,-217,-255,0,0,0,0,0,0,0,0,0,0]} 1. e4 c5 2. c3 d5 3. exd5 Qxd5 4. d4 g6 5. Nf3 Bg7 6. Nbd2 {B06: Modern Defence} cxd4 7. Bc4 Qd8 8. Nxd4 Nf6 9. O-O O-O 10. N2f3 {LiveBook: 4 Games} b6 $146 (10... Qc7 $11 11. Qe2 Nc6) ({Predecessor:} 10... a6 11. Re1 Nbd7 12. Bf4 Nb6 13. Bb3 Nbd5 {1-0 (30) Adhiban,B (2668)-Arias,D (2274) Batumi 2018}) 11. Re1 Bb7 12. Bf4 Nbd7 13. Qe2 Qc8 14. Bb5 ({Better is} 14. Rad1 $16) 14... a6 $11 15. Bxd7 Qxd7 16. Rad1 {[%cal Ba1d1,Bd1d3,Bd3g3][%mdl 32]} ({Reject} 16. Qxe7 Qxe7 17. Rxe7 Bxf3 $17) 16... Qg4 17. Be5 Rac8 18. h3 Qh5 19. Qf1 Rfe8 20. Rd3 Qh6 21. Nh2 b5 22. Rg3 Nh5 23. Rge3 Nf4 $2 ({Black should play} 23... Bxe5 $11 24. Ng4 Qg7 25. Rxe5 e6) 24. Ng4 $16 Qg5 25. g3 $2 (25. Bxg7 $16 {keeps the pressure on.} Bxg2 26. Bh6) 25... Ng2 $17 {[%mdl 64] [#] Double Attack, Discovered Attack} 26. Bxg7 (26. f4 $17 {is a better defense.} Qh5 27. Bxg7 Nxe3 28. Rxe3 Kxg7 {[#]} 29. Ne6+ $1 {[%mdl 512]} Kh8 30. Re5) 26... Nxe3 $19 27. Rxe3 Kxg7 $2 (27... Qd5 $19 {[%csl Gb7][%cal Rd5h1]} 28. f3 Kxg7) 28. Re5 $36 {[%mdl 2048] The position is equal. White has good play.} Qd2 29. Re2 Qg5 {Strongly threatening ...e5.} 30. Re5 Qd2 31. Re2 Qg5 {Hoping for ...e5.} 32. Re5 {Accuracy: White = 42%, Black = 41%.} 1/2-1/2

[Event "17th Delhi GM Open 2019"]
[Site "Delhi"]
[Date "2019.01.14"]
[Round "8"]
[White "Ameir, Moheb"]
[Black "Shyaamnikhil P"]
[Result "1/2-1/2"]
[WhiteElo "2309"]
[BlackElo "2446"]
[Annotator "TA"]
[PlyCount "81"]
[EventDate "2019.01.09"]
[EventType "swiss"]
[EventCountry "IND"]
[SourceTitle "playchess.com"]
[Source "ChessBase"]
[SourceQuality "1"]

{[%evp 15,81,22,27,0,0,0,0,0,19,23,23,0,23,-30,68,57,75,56,68,56,62,66,64,44,50,39,31,25,19,36,41,20,27,15,20,20,13,20,22,8,45,44,55,44,25,0,0,0,8,0,2,0,0,0,0,0,8,0,8,8,8,6,6,0,0,0,0,0]} 1. e4 c5 2. Nf3 d6 3. Bb5+ Nd7 4. O-O Ngf6 5. Re1 a6 6. Bd3 {B51: Sicilian: Moscow Variation (3 Bb5+) without 3...Bd7} b5 (6... g6 7. c3 Bg7 8. Bc2 O-O 9. d4 e5 10. a4 cxd4 11. cxd4 exd4 12. Nxd4 Nc5 {1-0 (33) Jakovenko,D (2748)-Nepomniachtchi,I (2768) Satka 2018}) 7. c4 Ne5 8. Nxe5 dxe5 {LiveBook: 4 Games} 9. Be2 b4 10. a3 e6 11. d3 Be7 12. axb4 cxb4 13. Be3 {[#]} O-O $146 14. c5 (14. Qa4 $142) 14... Qc7 (14... Bd7 $1 $11) 15. Qa4 $1 $14 Nd7 ({But not} 15... Bxc5 $2 16. Rc1 $18) 16. Rc1 {Hoping for c6.} a5 17. Nd2 Nb8 $1 18. c6 Ra6 19. Nb3 {[%cal Rb3a5]} Rxc6 20. Qxa5 Rxc1+ 21. Rxc1 ({Much weaker is} 21. Bxc1 Qc2 $15) 21... Qxa5 22. Nxa5 Ba6 23. Kf1 Rc8 24. Rxc8+ Bxc8 25. Ke1 Bd7 26. Kd2 f6 27. Bd1 Na6 28. Bb3 Nc5 29. Bc4 Kf7 30. Nb3 (30. b3 {with more complications.} g5 31. Ke2 g4 32. Bd2 Bd6 33. f3) 30... Nxb3+ {The position is equal.} 31. Bxb3 $11 {[%mdl 4096] Endgame KBB-KBB} Bd6 32. Kc2 Ke7 33. Kb1 Bb5 34. Bc4 Ba4 $1 35. Kc1 Kd7 36. Kd2 h5 37. h4 Be7 38. g3 g5 39. f3 gxh4 40. gxh4 f5 41. Bf2 {Precision: White = 56%, Black = 60%.} 1/2-1/2

[Event "17th Delhi GM Open 2019"]
[Site "Delhi"]
[Date "2019.01.14"]
[Round "8"]
[White "Neelash Saha"]
[Black "Mohammad Nubairshah Shaikh"]
[Result "1/2-1/2"]
[WhiteElo "2300"]
[BlackElo "2437"]
[Annotator "TA"]
[PlyCount "153"]
[EventDate "2019.01.09"]
[EventType "swiss"]
[EventCountry "IND"]
[SourceTitle "playchess.com"]
[Source "ChessBase"]
[SourceQuality "1"]

{[%evp 15,153,-6,15,-9,-4,-4,-3,-17,-10,-10,-16,-13,0,0,14,5,34,0,36,-29,-3,0,-7,-35,18,-21,-12,-23,-21,-31,-16,-21,-10,-16,-17,-29,0,-48,0,-51,0,-19,-13,-16,-12,-4,0,-28,-30,-33,0,0,0,0,10,0,0,0,0,0,0,0,8,0,23,0,10,72,62,0,0,0,0,0,0,-12,-12,-12,-12,-12,-14,-20,-16,-12,0,0,0,-8,-8,-6,0,0,0,0,0,0,8,0,0,0,0,0,0,0,0,0,0,0,0,0,0,0,0,0,0,0,0,0,0,0,0,0,0,0,0,0,0,0,0,0,0,0,0,0,0,0,0,0,0,0]} 1. d4 d5 2. Bf4 Nf6 3. e3 c5 4. c3 Nc6 5. Nd2 Bf5 6. Ngf3 e6 7. Bb5 {D00: 1 d4 d5: Unusual lines} (7. Nh4 Be4 8. Qb3 Qc8 9. Nhf3 Bf5 10. Be2 Be7 11. O-O O-O 12. h3 h6 13. Rfe1 c4 14. Qd1 b5 {1-0 (66) Grachev,B (2626)-Najer,E (2663) Moscow 2018}) 7... Qb6 8. Qa4 Nd7 {LiveBook: 4 Games} 9. Nh4 Bc2 10. Qxc2 Qxb5 11. Nhf3 Rc8 12. a4 Qa6 13. Qb3 f6 $146 ({Predecessor:} 13... b6 14. Qb5 Qb7 {0-1 (43) Dunn,A (2028)-Tombolis,C (1864) Basingstoke 2018}) 14. Bg3 (14. h3 {feels hotter.} Qb6 15. Qa2 Qa6 16. Qb3) 14... Be7 (14... Qb6 {is interesting.} 15. Qa2 Qa6 16. Qb3) 15. Qb5 g5 16. h3 Qb6 17. Qxb6 ({Better is} 17. O-O $14) 17... Nxb6 (17... axb6 {keeps more tension.} 18. O-O Kf7 19. Rfd1 h5 20. h4 g4) 18. dxc5 Bxc5 19. e4 a5 (19... dxe4 $15 20. Nxe4 {[%mdl 64] Double Attack} Be7) 20. Nb3 Be7 21. exd5 Nxd5 22. O-O-O Kf7 23. Nfd4 Nxd4 24. Rxd4 b6 25. Rhd1 Rc6 26. Re4 f5 27. Be5 (27. Ree1 $11) 27... Rhc8 (27... Bf6 $15 28. Ree1 Bxe5 29. Rxe5 Kf6) 28. Red4 (28. Re2 {with more complications.} Rc4 29. Nd4 Rxa4 30. Kb1 h5 31. Nxf5 Nxc3+ 32. Bxc3 exf5 33. f3) 28... Bf6 29. Bxf6 Kxf6 30. g3 h5 31. Kb1 Rc4 32. Nc1 h4 33. gxh4 gxh4 34. Ne2 f4 35. Ng1 Rxd4 36. Rxd4 $11 {[%mdl 4096] Endgame KRN-KRN} Rg8 37. Nf3 Rg2 38. Rd2 Ne7 39. Kc1 Nf5 {Strongly threatening ...e5.} 40. Kd1 $1 Rg8 $1 41. Rd7 e5 {[%cal Be6e5,Be5e4][%mdl 32]} 42. Rb7 (42. Nd2 $1 $14) 42... e4 $1 {[%cal Re4f3] The position is equal.} 43. Rxb6+ Ke7 44. Ne5 {[#] Threatens to win with Ng6+.} Rg1+ 45. Ke2 f3+ 46. Nxf3 $1 exf3+ 47. Kxf3 {KRN-KR} Nd6 48. b3 Rc1 49. c4 {[%cal Bc3c4,Bc4c5][%mdl 32]} Kd7 50. Kg4 Rf1 51. c5 Ne4 {[%mdl 64] [#] Double Attack} 52. Rb5 Rg1+ 53. Kxh4 Nxf2 54. Rxa5 Kc6 55. b4 Rg8 56. Ra7 Nd3 57. Ra6+ Kd5 58. Rd6+ Ke4 59. Rxd3 Kxd3 {KR-KP} 60. c6 Ke4 {And now ...Kf4 would win.} 61. b5 $1 Kf4 {[%cal Rg8h8]} 62. Kh5 Kf5 {[%cal Rg8h8]} 63. Kh4 Kf4 {[%cal Rg8h8]} 64. Kh5 Kf5 {[%cal Rg8h8]} 65. Kh4 Ke6 66. c7 Kd7 67. b6 $1 Kc6 68. a5 Kb7 69. Kh5 $1 Rh8+ 70. Kg4 Rg8+ 71. Kf5 Rh8 72. Ke6 Kc8 73. Kd6 Rxh3 74. a6 {[%csl Ga6][%cal Rb6b7]} Rh6+ 75. Kc5 Rh5+ 76. Kc6 {[%csl Ga6,Gc6][%cal Rb6b7]} Rh6+ 77. Kc5 {Accuracy: White = 49%, Black = 53%.} 1/2-1/2

[Event "17th Delhi GM Open 2019"]
[Site "Delhi"]
[Date "2019.01.14"]
[Round "8"]
[White "Pranav Vijay"]
[Black "Deviatkin, Andrei"]
[Result "1-0"]
[WhiteElo "2265"]
[BlackElo "2461"]
[Annotator "TA"]
[PlyCount "83"]
[EventDate "2019.01.09"]
[EventType "swiss"]
[EventCountry "IND"]
[SourceTitle "playchess.com"]
[Source "ChessBase"]
[SourceQuality "1"]

{[%evp 32,83,62,67,96,64,58,63,70,59,89,79,82,84,80,90,114,80,100,0,0,0,79,87,116,113,127,106,381,220,319,332,327,359,343,347,334,334,375,366,425,390,383,381,381,378,341,319,319,319,353,354,772,772]} 1. e4 {[%cal Be2e4,Be4e5][%mdl 32]} Nf6 2. e5 Nd5 3. d4 d6 4. c4 Nb6 5. f4 dxe5 6. fxe5 Nc6 7. Be3 Bf5 8. Nc3 e6 9. Nf3 Bg4 10. Be2 Bxf3 11. gxf3 Qh4+ 12. Bf2 Qf4 13. c5 {B03: Alekhine's Defence: Four Pawns Attack} Nd5 14. Nxd5 exd5 15. Qd2 Qxd2+ 16. Kxd2 g6 17. Be3 {LiveBook: 7 Games} f6 {[#]} 18. f4 $146 ({Predecessor:} 18. exf6 Kf7 19. Bb5 Nd8 20. Bd7 Kxf6 {1-0 (44) Illescas Cordoba,M (2624)-Baburin,A (2523) Gothenburg 2005}) 18... Ne7 19. Kd3 Nf5 20. Bd2 Kf7 21. b4 Bh6 22. a4 fxe5 23. dxe5 a6 24. Bf3 c6 25. b5 (25. h4 $16) 25... axb5 $11 26. axb5 Nh4 (26... Rhc8 $11 {remains equal.}) 27. Bg4 $16 {aiming for bxc6.} Ng2 28. bxc6 bxc6 29. Rhb1 {White threatens Rb7+ and mate.} Rxa1 $4 {[%mdl 8192]} (29... Rhd8 $16) 30. Rxa1 (30. e6+ $142 Ke7 31. Rxa1) 30... Nxf4+ (30... Rb8 $142 31. Ra7+ Kg8) 31. Bxf4 $18 Bxf4 $16 {[%mdl 4096] Endgame KRB-KRB} 32. Ra7+ Kf8 {[#]} 33. e6 $1 {Threatens to win with Ra8+.} Bg5 {[#]} 34. Bd1 $1 Be7 35. Ba4 Bxc5 36. Rf7+ Ke8 37. Bxc6+ Kd8 38. Rd7+ Kc8 39. Bxd5 (39. Rxd5 Be7 $14) 39... Re8 {intending ...Re7.} 40. Kc4 ({Not} 40. Rxh7 Re7 $16) 40... Be7 41. Bc6 Ba3 $2 (41... Bd8 42. Kd5 (42. Rxh7 Re7 $16) 42... Bg5) 42. Rd3 {[%mdl 64] Discovered Attack (Double check). Accuracy: White = 89%, Black = 39%.} 1-0

[Event "17th Delhi GM Open 2019"]
[Site "Delhi"]
[Date "2019.01.14"]
[Round "8"]
[White "Varga, Klara"]
[Black "Karthikeyan, Murali"]
[Result "0-1"]
[WhiteElo "2244"]
[BlackElo "2570"]
[Annotator "TA"]
[PlyCount "58"]
[EventDate "2019.01.09"]
[EventType "swiss"]
[EventCountry "IND"]
[SourceTitle "playchess.com"]
[Source "ChessBase"]
[SourceQuality "1"]

{[%evp 9,58,-50,-53,-89,-81,-68,-55,-47,-54,-59,-57,-70,-60,-62,-56,-73,-37,-63,-58,-59,-58,-61,-62,-54,-62,-62,-42,-71,-79,-83,-85,-101,-100,-175,-175,-175,-175,-175,-175,-175,-175,-248,-244,-177,-177,-610,-598,-29984,-700,-6037,-6045]} 1. c4 e5 {[%cal Be7e5,Be5e4][%mdl 32]} 2. Nc3 Nf6 3. g3 c6 4. Nf3 e4 5. Ng5 (5. Nd4 Qb6 6. Nc2 d5 7. Bg2 dxc4 8. O-O Be6 9. Nxe4 Nxe4 10. Bxe4 Nd7 11. Bg2 h5 12. d4 cxd3 13. Qxd3 O-O-O {1-0 (51) Jobava,B (2713)-Mastrovasilis,D (2580) Minsk 2017}) 5... d5 6. d3 {A23: English Opening: 1...e5 2 Nc3 Nf6 3 g3 c6} h6 7. Nh3 Bb4 8. cxd5 {Black is slightly better.} cxd5 9. a3 Bxc3+ $1 10. bxc3 O-O 11. Bg2 Nc6 $146 {[%cal Bb8c6,Bc6e5,Be5c4,Bc4d2][%mdl 32]} ({Predecessor:} 11... Qa5 12. Bd2 exd3 13. exd3 {0-1 (58) Deslauriers,J-Negro,J France 1971}) 12. O-O $1 Bf5 13. c4 dxc4 14. dxc4 Ne5 15. Bb2 Nxc4 16. Qxd8 Rfxd8 17. Bxf6 $1 gxf6 18. Nf4 Nd2 $36 {[%mdl 2048] Black is in control.} 19. Rfe1 b5 20. Rac1 Rac8 $1 21. Rxc8 (21. Nh5 $17 {keeps fighting.}) 21... Bxc8 $19 ({Don't take} 21... Rxc8 22. Nd5 $15) 22. Rc1 {[#]} a5 $1 {[%cal Ba7a5,Ba5b4,Bb4b3][%mdl 32]} 23. Rc5 b4 24. axb4 axb4 25. Nd5 (25. Rd5 {might work better.} Rd7 26. Rxd7 Bxd7 27. Nd5) 25... b3 {White must now prevent ...Ba6.} 26. Nxf6+ Kg7 27. Nh5+ $2 (27. Nxe4 b2 28. Nc3) 27... Kf8 {Strongly threatening ...b2.} 28. Rb5 {[#]} Ba6 (28... Nf3+ $142 $1 {[%mdl 512]} 29. Bxf3 (29. exf3 Rd1+) 29... exf3 30. exf3 Ba6 31. Kh1 Bxb5 32. g4 b2 33. Ng3 Rd1+ 34. Kg2 b1=Q 35. Kh3 Qd3 36. Kg2 Bc6 37. Ne4 Bxe4 38. fxe4 Qf1+ 39. Kf3 Rd3+ 40. Kf4 Qc1+ 41. Kf5 Qg5#) 29. Rb4 {[#]} Nf3+ $1 {[%mdl 512] Accuracy: White = 41%, Black = 90%.} 0-1

[Event "17th Delhi GM Open 2019"]
[Site "Delhi"]
[Date "2019.01.14"]
[Round "8"]
[White "Prraneeth Vuppala"]
[Black "Karthik Venkataraman"]
[Result "0-1"]
[WhiteElo "2228"]
[BlackElo "2515"]
[Annotator "TA"]
[PlyCount "71"]
[EventDate "2019.01.09"]
[EventType "swiss"]
[EventCountry "IND"]
[SourceTitle "playchess.com"]
[Source "ChessBase"]
[SourceQuality "1"]

{[%evp 25,71,9,5,2,4,-7,14,-41,-34,-66,10,25,54,0,40,21,0,9,42,21,33,-6,-33,-12,47,33,37,36,41,-151,-184,-221,-205,-235,-104,-86,-78,-55,-8,-14,-23,-38,0,-196,-208,-209,-197,-225]} 1. d4 Nf6 2. c4 e6 3. g3 c5 4. d5 exd5 5. cxd5 d6 6. Nc3 g6 {[%cal Bg7g6,Bg6g5][%mdl 32]} 7. Bg2 Bg7 8. Nf3 O-O 9. O-O Re8 10. Bf4 h6 {A62: Modern Benoni: Fianchetto Variation without early ...Nbd7} (10... Bf5 11. Bg5 h6 12. Bxf6 Bxf6 13. Nd2 Bc8 14. Nc4 Bxc3 15. bxc3 b5 16. Nd2 Nd7 17. Re1 a5 18. Qc2 {½-½ (29) Tomashevsky,E (2702)-Svidler,P (2763) Palma de Mallorca 2017}) 11. Qc1 g5 12. Be3 Bf5 13. h4 g4 {LiveBook: 3 Games} 14. Ne1 $146 ({Predecessor:} 14. Nd2 Rxe3 15. fxe3 Bg6 16. Rf4 Nbd7 17. Nc4 Nb6 18. Na5 {0-1 (40) Nguyen,A (2444)-Tran,T (2514) Cha Am 2018}) 14... Kh7 $1 15. Nc2 Bg6 16. Re1 (16. Bf4 $11) 16... Nh5 $15 17. a4 Na6 (17... f5 $15) 18. Nb5 $11 Qf6 19. Ra2 (19. Bd2 $14) 19... Qf5 20. b4 Qd7 21. bxc5 Nxc5 22. Bxc5 dxc5 23. Nca3 a6 $36 {[%mdl 2048] Black has good play.} 24. Nc3 {[#]} b5 $1 {[%mdl 512]} 25. axb5 $14 axb5 26. Ncxb5 Reb8 27. Rd2 $2 (27. d6 $14 {keeps the upper hand.} Ra5 28. Nc7) 27... Rxb5 $17 28. Nxb5 Qxb5 29. d6 Rd8 (29... Ra1 $19 {and Black stays clearly on top.} 30. Qxa1 Bxa1 31. Rxa1 Nf6) 30. e4 Bd4 31. e5 Qb4 {Strongly threatening ...Bc3.} 32. e6 $1 {[%cal Re6e7]} fxe6 33. Rxe6 Ng7 (33... Qb1 $5 {[%cal Rb1c1]} 34. Re7+ Ng7 35. Qxb1 Bxb1 $15) 34. Re7 $2 {[#]} (34. Rxg6 $1 $11 Kxg6 35. Re2) 34... Rxd6 $19 35. Kh2 h5 36. Ra2 {Accuracy: White = 33%, Black = 41%.} 0-1

[Event "17th Delhi GM Open 2019"]
[Site "Delhi"]
[Date "2019.01.14"]
[Round "8"]
[White "Aaryan Varshney"]
[Black "Muthaiah AL"]
[Result "0-1"]
[WhiteElo "2225"]
[BlackElo "2406"]
[Annotator "ChessBase"]
[PlyCount "71"]
[EventDate "2019.01.09"]
[EventType "swiss"]
[EventCountry "IND"]
[SourceTitle "playchess.com"]
[Source "ChessBase"]
[SourceQuality "1"]
[TimeControl "5400+30"]

1. d4 {[%emt 0:00:00]} Nf6 {[%emt 0:00:48]} 2. Nf3 {[%emt 0:00:00]} c5 {[%emt 0:00:21]} 3. d5 {[%emt 0:00:00]} b5 {[%emt 0:01:01]} 4. c4 {[%emt 0:07:45]} g6 {[%emt 0:02:59]} 5. b3 {[%emt 0:06:39]} Bg7 {[%emt 0:06:57]} 6. Bb2 {[%emt 0:01:38]} bxc4 {[%emt 0:03:46]} 7. bxc4 {[%emt 0:01:42]} O-O {[%emt 0:02:25]} 8. Nbd2 {[%emt 0:08:21]} d6 {[%emt 0:03:17]} 9. e3 {[%emt 0:06:28]} Bf5 {[%emt 0:09:37]} 10. Be2 {[%emt 0:01:42]} Na6 {[%emt 0:03:00]} 11. O-O {[%emt 0:02:30]} Qa5 {[%emt 0:04:56]} 12. Qc1 {[%emt 0:05:34]} Nb4 {[%emt 0:08:01]} 13. a3 {[%emt 0:13:08]} Nd3 {[%emt 0:13:30]} 14. Qc3 {[%emt 0:01:21]} Qxc3 {[%emt 0:12:18]} 15. Bxc3 {[%emt 0:00:04]} Rfb8 {[%emt 0:02:52]} 16. Ra2 {[%emt 0:06:11]} Ng4 {[%emt 0:12:34]} 17. Bxg7 {[%emt 0:03:03]} Kxg7 {[%emt 0:00:02]} 18. h3 {[%emt 0:17:22]} Nge5 {[%emt 0:01:51]} 19. Nxe5 {[%emt 0:08:00]} Nxe5 {[%emt 0:00:16]} 20. f4 {[%emt 0:02:44]} Bd3 {[%emt 0:00:23]} 21. fxe5 {[%emt 0:01:01]} Bxe2 {[%emt 0:00:03]} 22. Re1 {[%emt 0:00:22]} Bd3 {[%emt 0:00:11]} 23. exd6 {[%emt 0:00:02]} exd6 {[%emt 0:00:09]} 24. e4 {[%emt 0:00:06]} Rb6 {[%emt 0:06:47]} 25. Kf2 {[%emt 0:02:06]} Rab8 {[%emt 0:00:44]} 26. e5 {[%emt 0:00:33]} dxe5 {[%emt 0:00:38]} 27. Rxe5 {[%emt 0:00:10]} h5 {[%emt 0:01:23]} 28. h4 {[%emt 0:03:00]} Bf5 {[%emt 0:01:02]} 29. g3 {[%emt 0:01:34]} Rb2 {[%emt 0:00:35]} 30. Rxb2 {[%emt 0:00:10]} Rxb2 {[%emt 0:00:01]} 31. Ke3 {[%emt 0:00:33]} Kf6 {[%emt 0:01:33]} 32. Re8 {[%emt 0:00:05]} Ra2 {[%emt 0:00:22]} 33. Nf3 {[%emt 0:01:24]} Rxa3+ {[%emt 0:00:50]} 34. Kf4 {[%emt 0:00:24]} a5 {[%emt 0:01:01]} 35. Ne5 {[%emt 0:01:14]} Ra1 {[%emt 0:00:12]} 36. d6 {[%emt 0:00:32]} 0-1

[Event "17th Delhi GM Open 2019"]
[Site "Delhi"]
[Date "2019.01.14"]
[Round "8"]
[White "Bharat Kumar Reddy Poluri"]
[Black "Sammed Jaykumar, Shete"]
[Result "0-1"]
[WhiteElo "2197"]
[BlackElo "2395"]
[Annotator "ChessBase"]
[PlyCount "110"]
[EventDate "2019.01.09"]
[EventType "swiss"]
[EventCountry "IND"]
[SourceTitle "playchess.com"]
[Source "ChessBase"]
[SourceQuality "1"]
[TimeControl "5400+30"]

1. e4 {[%emt 0:00:00]} c5 {[%emt 0:00:00]} 2. Nf3 Nc6 3. Bb5 {[%emt 0:00:34]} g6 {[%emt 0:00:23]} 4. O-O {[%emt 0:00:24]} Bg7 {[%emt 0:00:05]} 5. d3 {[%emt 0:01:37]} Nf6 {[%emt 0:00:50]} 6. h3 {[%emt 0:04:26]} O-O {[%emt 0:00:13]} 7. Bxc6 {[%emt 0:03:35]} bxc6 {[%emt 0:00:09]} 8. Nc3 {[%emt 0:01:19]} d6 {[%emt 0:00:16]} 9. Be3 {[%emt 0:01:37]} h6 {[%emt 0:00:08]} 10. Qd2 {[%emt 0:04:08]} Kh7 {[%emt 0:01:47]} 11. a3 {[%emt 0:00:25]} a5 {[%emt 0:02:46]} 12. b3 {[%emt 0:06:34]} e5 {[%emt 0:03:42]} 13. Nh2 {[%emt 0:00:48]} Nh5 {[%emt 0:00:28]} 14. f4 {[%emt 0:03:25]} exf4 {[%emt 0:15:24]} 15. Bxf4 {[%emt 0:00:03]} Nxf4 {[%emt 0:00:09]} 16. Rxf4 {[%emt 0:00:03]} Bxh3 {[%emt 0:00:38]} 17. Raf1 Be6 {[%emt 0:01:09]} 18. Ne2 {[%emt 0:05:05]} a4 {[%emt 0:19:49]} 19. b4 {[%emt 0:00:36]} Qb6 {[%emt 0:05:28]} 20. Kh1 {[%emt 0:01:10]} cxb4 {[%emt 0:00:24]} 21. axb4 {[%emt 0:00:03]} a3 {[%emt 0:00:21]} 22. c3 {[%emt 0:00:37]} a2 {[%emt 0:00:49]} 23. Ra1 {[%emt 0:00:12]} c5 {[%emt 0:00:16]} 24. bxc5 {[%emt 0:00:29]} dxc5 {[%emt 0:00:31]} 25. Rff1 {[%emt 0:00:58]} Qb3 {[%emt 0:00:46]} 26. Nf3 {[%emt 0:00:17]} Rfd8 {[%emt 0:02:32]} 27. e5 {[%emt 0:00:58]} Bc4 {[%emt 0:03:41]} 28. Nf4 {[%emt 0:01:22]} Be6 {[%emt 0:05:23]} 29. d4 {[%emt 0:02:51]} Bc4 {[%emt 0:02:04]} 30. Rfc1 {[%emt 0:00:39]} Rab8 {[%emt 0:01:44]} 31. Qe1 {[%emt 0:02:06]} Qa3 {[%emt 0:04:25]} 32. Nd2 {[%emt 0:02:12]} Be6 {[%emt 0:00:13]} 33. Nxe6 {[%emt 0:00:27]} fxe6 {[%emt 0:00:05]} 34. Rc2 {[%emt 0:03:01]} cxd4 {[%emt 0:01:46]} 35. Raxa2 {[%emt 0:03:52]} Qf8 {[%emt 0:01:59]} 36. cxd4 {[%emt 0:02:05]} Rxd4 {[%emt 0:00:05]} 37. Nf3 {[%emt 0:02:27]} Rf4 {[%emt 0:00:59]} 38. Rc7 {[%emt 0:03:32]} Kh8 {[%emt 0:08:24]} 39. Kh2 {[%emt 0:20:08]} Rxf3 {[%emt 0:04:52]} 40. gxf3 {[%emt 0:00:39]} Qf4+ {[%emt 0:00:16]} 41. Kg1 {[%emt 0:00:58]} Bxe5 {[%emt 0:00:16]} 42. Rcc2 {[%emt 0:04:00]} Qg5+ {[%emt 0:02:48]} 43. Kf1 {[%emt 0:01:29]} Qh5 {[%emt 0:01:50]} 44. Qe4 {[%emt 0:02:01]} Bg3 {[%emt 0:07:48]} 45. Ke2 {[%emt 0:07:25]} Qh1 {[%emt 0:01:43]} 46. Qd4+ {[%emt 0:04:03]} e5 {[%emt 0:00:15]} 47. Qd1 {[%emt 0:00:07]} Qh2+ {[%emt 0:01:14]} 48. Ke3 {[%emt 0:03:09]} Rb3+ {[%emt 0:01:58]} 49. Ke4 {[%emt 0:01:05]} Qh4+ {[%emt 0:00:06]} 50. Kd5 {[%emt 0:01:29]} Qd8+ {[%emt 0:00:06]} 51. Kc4 {[%emt 0:00:09]} Qxd1 {[%emt 0:00:06]} 52. Kxb3 {[%emt 0:00:14]} Qxf3+ {[%emt 0:00:05]} 53. Rc3 {[%emt 0:00:04]} Qf7+ {[%emt 0:01:04]} 54. Kb2 {[%emt 0:00:16]} Bf2 {[%emt 0:00:11]} 55. Ra8+ {[%emt 0:00:24]} Kg7 {[%emt 0:00:06]} 0-1

[Event "17th Delhi GM Open 2019"]
[Site "Delhi"]
[Date "2019.01.15"]
[Round "9"]
[White "Pantsulaia, Levan"]
[Black "Mosadeghpour, Masoud"]
[Result "1-0"]
[WhiteElo "2597"]
[BlackElo "2517"]
[Annotator "TA"]
[PlyCount "121"]
[EventDate "2019.01.09"]
[EventType "swiss"]
[EventCountry "IND"]
[SourceTitle "playchess.com"]
[Source "ChessBase"]
[SourceQuality "1"]

{[%evp 12,121,0,-6,0,0,0,0,0,-16,-14,-23,37,37,39,31,17,24,57,70,65,88,64,50,59,54,59,49,76,68,79,31,28,31,40,12,2,2,39,0,-6,-9,82,75,73,76,66,64,72,68,57,69,70,61,62,57,62,37,37,43,41,7,7,8,7,7,7,4,9,0,33,-29,0,0,1,0,33,0,8,0,33,48,34,33,26,24,27,26,62,0,0,0,8,15,118,28,65,58,66,25,27,9,16,20,285,288,281,272,342,331,941,918]} 1. Nf3 Nf6 2. g3 g6 3. b3 Bg7 4. Bb2 O-O 5. Bg2 d5 6. c4 Nc6 {A05: Réti Opening: 1 Nf3 Nf6} 7. d3 {LiveBook: 3 Games} Re8 8. cxd5 Nxd5 {The position is equal.} 9. Bxg7 Kxg7 10. Nbd2 $146 ({Predecessor:} 10. Qd2 e5 11. O-O Nd4 12. Nxd4 exd4 13. Qb2 Nf6 14. Na3 {1-0 (58) Gholami,A (2490)-Vocaturo,D (2608) Ortisei 2018}) 10... e5 11. Rc1 f5 ({Black should try} 11... Bg4 $11) 12. Qc2 $14 Be6 13. a3 Qf6 14. b4 {[%cal Bb3b4,Bb4b5][%mdl 32]} Bf7 15. e4 Nb6 16. b5 Nd8 17. exf5 gxf5 18. O-O c6 19. a4 Rc8 20. Qb1 Nxa4 21. Qa1 Nb6 22. Qxa7 cxb5 {[#] White must now prevent ...Ra8.} 23. Rxc8 Nxc8 24. Qc5 Nc6 25. Nh4 Nd4 26. Ndf3 {Threatens to win with Nxd4.} Qd6 {[#]} (26... Qc6 $11 27. Qxc6 Ne2+ 28. Kh1 bxc6) 27. Qxd4 $1 $16 {[%mdl 576] Remove Defender} exd4 (27... Qxd4 28. Nxd4) 28. Nxf5+ {[%mdl 64] Double Attack} Kf6 29. Nxd6 Nxd6 30. Nxd4 Bg6 31. Rd1 Ra8 32. Re1 Bxd3 33. Re6+ Kg7 34. Rxd6 Ra1+ 35. Bf1 Bxf1 $14 {[%cal Rf1h3][%mdl 4096] Endgame KRB-KRN} 36. h4 b4 37. Rb6 Bc4+ $1 38. Kh2 Bd5 {[%csl Gd5][%cal Ra1h1]} 39. g4 b3 40. Kg3 Kf8 41. Rb5 (41. Kf4 $14) 41... Bc4 42. Rxb7 Rd1 43. Rb8+ Kf7 44. Rb7+ (44. Nf3 $5 {[%cal Rf3e5]} Ke6 45. Kf4 $14) 44... Kf8 45. Rb8+ Kf7 46. Nf3 Bd5 {...Rd3 is the strong threat.} 47. Kf4 Ke7 48. Ke3 Rh1 {And now ...Rh3 would win.} 49. Nd4 Kd7 50. h5 (50. Kf4 $14) 50... Re1+ $11 51. Kd3 Rf1 52. Rb5 Bg8 (52... Kd6 $1 $11 {remains equal.}) 53. f3 ({White should play} 53. Nxb3 $16 {Strongly threatening Ke3.} Rxf2 54. Nd4) 53... Rd1+ 54. Kc3 Rc1+ 55. Kb2 (55. Kd2 $5 {[%cal Rd2c1]} Rf1 56. g5 $16 (56. Nxb3 Rxf3 57. Nd4 Rh3 $16)) 55... Rf1 $1 56. Rf5 Rf2+ 57. Kc3 Kd6 $2 {[%mdl 8192]} (57... b2 $11 {and Black stays safe.} 58. Rb5 Kd6 59. Nf5+ (59. Rxb2 Rxb2 60. Kxb2 Ke5 $11) 59... Ke6) 58. Nxb3 $18 Be6 59. Rf6 Ke5 60. g5 h6 $2 (60... Rf1 61. Nd2 Rc1+ 62. Kb2 Rd1) 61. Nd4 {Accuracy: White = 51%, Black = 46%.} 1-0